Khams sanawāt fī al-masraḥ, (Record no. 47353)

MARC details
000 -LEADER
fixed length control field 00700cam a22002171 4500
001 - CONTROL NUMBER
control field ne 64002176
003 - CONTROL NUMBER IDENTIFIER
control field DLC
005 - DATE AND TIME OF LATEST TRANSACTION
control field 20260227111804.0
008 - FIXED-LENGTH DATA ELEMENTS--GENERAL INFORMATION
fixed length control field 900926s1963 ua 000 0 ararc
010 ## - LIBRARY OF CONGRESS CONTROL NUMBER
LC control number ne 64002176
025 ## - OVERSEAS ACQUISITION NUMBER
Overseas acquisition number PL480:UAR-3898
035 ## - SYSTEM CONTROL NUMBER
System control number (OCoLC)22439017
040 ## - CATALOGING SOURCE
Original cataloging agency Princeton Univ. Libr.
Transcribing agency WaU
Modifying agency WaU
-- DLC
042 ## - AUTHENTICATION CODE
Authentication code premarc
050 00 - LIBRARY OF CONGRESS CALL NUMBER
Classification number PN2978
Item number .H3
100 1# - MAIN ENTRY--PERSONAL NAME
Personal name Ḥamrūsh, Aḥmad.
245 10 - TITLE STATEMENT
Title Khams sanawāt fī al-masraḥ,
Statement of responsibility, etc. bi-qalam Aḥmad Ḥamrūsh.
260 ## - PUBLICATION, DISTRIBUTION, ETC.
Place of publication, distribution, etc. [al-Qāhirah]
Name of publisher, distributor, etc. al-Muʼassasat al-Miṣrīyah al-ʻĀmmah lil-Taʼlīf wa-al-Tarjamah w-al-Ṭibāʻah wa-al-Nashr
Date of publication, distribution, etc. [1963?]
300 ## - PHYSICAL DESCRIPTION
Extent 239 p.
Dimensions 24 cm.
650 #0 - SUBJECT ADDED ENTRY--TOPICAL TERM
Topical term or geographic name entry element Actors
General subdivision Correspondence.

No items available.

Powered by Koha